Tratado de química agrícola /

Guardado en:
Autor Principal: Frear, Donald E. H. 1906-
Formato: Libro
Idioma:Spanish
Publicado: Barcelona : Salvat, 1956.
Etiquetas: Agregar Etiqueta
Sin Etiquetas, Sea el primero en etiquetar este registro!
LEADER 00670nam a22001575a 4500
001 EEA.libagro005164
005 20181002120025.0
008 130809s1956####sp#a##########000#0#spa#d
082 0 4 |a 630.24 
100 1 |a Frear, Donald E. H.  |q (Donald Elisha Harding),  |d 1906- 
245 1 0 |a Tratado de química agrícola /  |c Donald E. H. Frear ... [et al.] ; versión española del Adolfo Rancaño. 
260 |a Barcelona :  |b Salvat,  |c 1956. 
300 |a 2 v. :  |b il. ;  |c 22 cm. 
500 |a La biblioteca posee: v. 1. 
505 0 |a v. 1. Principios de química agrícola -- v. 2. Aplicaciones prácticas de la química agrícola 
859 |a AR-BbBCA  |b BIB. AGRONOMIA  |h 630.24  |i F849-1  |p 1995/2435  |v I  |3 Tomo I